000 00574nam a2200205Ia 4500
003 OSt
005 20221007112351.0
006 a|||||r|||| 00| 0
007 ta
008 221006b |||||||| |||| 00| 0 eng d
024 _a26,937
037 _cBound Volume
040 _aLCO
_cLCO
_beng
041 _2eng
_aeng
245 0 _aALL INDIA REPORTER ALLAHABAD, ASSAM, AJMER, AND AND ANDHAR PRADESH
260 _aNagpur
_bAll india reporter ltd. India
_c1914
490 _v1077952 85 -1998
942 _cCR
999 _c1196500
_d1196500